00807aab a2200181 4500001001000000003001000010005001700020008004100037022001400078040004100092041000800133100002500141245013700166300006100303520014600364653002400510773009100534768714001CO-MdFUSB20240613152409.0170523s2000 cr ||||| |||| 00| 0 spa d a1409-1968 aCO-MdFUSBbspacCO-MdFUSBdCO-MdFUSB aspa1 aKessler, Johneautor10aVientos de doctrina a través de la historia : bcausas, efectos e implicaciones para la iglesia hoy. Segunda partec/ John Kessler aVolumen 17. Número 2 (2000), páginas 58-62c: 27 cm. aLas palabras de Cristo ponen en claro que el peligro no se limita a los incrédulos. Aun los vientos doctrinales buenos traen separación.  aVientos de doctrina0 tApuntes Pastorales049442gVolumen 17. Número 2 (2000), páginas 58-62qPágina 58